| 000 | 00864nam a2200253Ia 4500 | ||
|---|---|---|---|
| 003 | OSt | ||
| 005 | 20210709122125.0 | ||
| 008 | 180109s9999 xx 000 0 und d | ||
| 020 | _a9789585500259 | ||
| 040 |
_aCO-MqPBP _bspa _cCO-MqPBP |
||
| 041 | _aspa | ||
| 082 |
_a303.609861 _bC25d |
||
| 110 |
_aCentro Nacional de Memoria Histórica _9101471 |
||
| 245 | 1 | 0 |
_aDaños: _bAnálisis de los impactos del conflicto armado colombiano / _cCentro Nacional de Memoria Histórica |
| 250 | _a1a. edicion | ||
| 264 |
_aBogotá _bCentro Nacional de Memoria Histórica _c2018 |
||
| 300 |
_a116 páginas _c25 cm. |
||
| 336 |
_atexto _btxt _2rdacontent |
||
| 337 |
_asin mediación _bn _2rdamedia |
||
| 338 |
_avolumen _bnc _2rdacarrier |
||
| 650 | 1 | 4 |
_aConflicto armado _zColombia _9101472 |
| 650 | 1 | 4 |
_aDesplazados por la violencia _zColombia _9101473 |
| 942 |
_2ddc _cBK |
||
| 999 |
_c13668 _d13668 |
||